Arancel aduanero de la República de Chile

Saved in:
Bibliografiske detaljer
Format: Bog
Sprog:spansk
Udgivet: Santiago LexisNexis 2005
Udgivelse:1a. ed
Fag:
Tags: Tilføj Tag
Ingen Tags, Vær først til at tagge denne postø!

MARC

LEADER 00000nam a2200000 a 4500
001 UCK5215
003 CL-VaPUC
008 050715e20050000CL |||||||||||||||||spa|d
020 |a 9562385329 
082 0 4 |a 343.83056  |b ARA  |2 21 
245 1 0 |a Arancel aduanero de la República de Chile 
250 |a 1a. ed 
300 |a 536 p 
942 |c BK 
945 |d 20050715 00:00:00  |a cmena 
260 |a Santiago  |b LexisNexis  |c 2005 
650 0 |a Aduanas  |9 255492 
650 0 |a Arancel aduanero  |9 383785 
650 0 |a Derecho tributario  |9 258895 
650 0 |a Franquicias tributarias   |9 384092 
650 0 |a Derecho aduanero  |9 324531 
650 7 |a ORDENANZA DE ADUANAS  |2 CL-VaPUC  |9 357483 
650 0 |a Jurisprudencia  |9 255952 
650 7 |a COMERCIO INTERNACIONAL  |2 CL-VaPUC  |9 493936 
650 7 |a IMPORTACIONES  |2 CL-VaPUC  |9 359079 
651 7 |a CHILE  |2 CL-VaPUC  |9 493937 
583 |a last modification  |c 20150327 11:50:14  |k Rodrigo Vera 
999 |c 313847  |d 313845 
952 |0 0  |1 0  |4 0  |6 343_830560000000000_ARA_2005  |7 0  |8 A  |9 385557  |a BIBDER  |b BIBDER  |d 2019-11-22  |i 4147340  |o 343.83056 ARA 2005  |p 4147340  |r 2023-01-25  |w 2019-11-22  |y BK  |k DER